000 00987nam a2200253 4500
001 58286
003 BD-RjUL
005 20211209080614.0
008 161217s1988 bg |||| |||| 000 0 ben d
035 _a(BD-RjUL)58410
040 _aBD-RjUL
_bben
_cBD-RjUL
041 _aben
082 _a321.07
_bPLA 1988
_223
245 0 0 _aপ্লেটোর রিপাবলিক /
_cসরদার ফজলুল করিম অনুদিত
250 _a৩য় সং.
260 _aঢাকা :
_bঢাকা বিশ্ববিদ্যালয়,
_c১৯৮৮
300 _a৪২, ৫২৪ পৃ. ;
_c২৩ সেমি.
500 _aনিঘন্ট সংযুক্ত
650 _aরাষ্ট্রবিজ্ঞান
_9112115
650 _aPolitical science
_9117801
650 _aPolitical science -- Early works to 1800.
_993287
700 _aকরিম, সরদার ফজলুল, অনুবাদক
_9112117
942 _2ddc
_cBK
_017
999 _c58286
_d58286